000 00678nam a22002057a 4500
005 20251108165952.0
008 250721s1998 xx 000 0 ara d
082 1 4 _aط/599.5/بجي
100 1 _aالبجيرمي، سامي
_eمؤلف
245 1 0 _aمع فرس النهر على ضفاف النيل /
264 1 _aالقاهرة :
_bدار الرشاد،
_c1998.
300 _a15ص.
490 0 _aسفينة الأصدقاء
_v4
650 1 7 _aالحيوانات المائية
650 1 7 _aالثديات المائية
653 _aاطفال مرحلة متوسطة (6-9) سنوات
700 1 _aفايد، محمد
_eرسم
942 _2ddc
_cBK
999 _c36180
_d36180